Представление документа в формате RUSMARC

ПолеНазваниеЗначение
  Тип записи c
  Библиографический уровень m
001 Контрольный номер RU/IS/BASE/602771682
005 Дата корректировки 20240131005115.2
100 Данные общей обработки __
a Данные общей обработки 20190206d2019 u y0rusy0189||||ca
101 Язык документа 0_
a Язык текста eng
102 Страна публикации __
a Страна публикации US
105 Кодированные данные (монография) __
a Кодированные данные (монография) y###||||000|y
200 Заглавие и сведения об ответственности 1_
a Заглавие Twelve symphonies
b Общее обозначение материала Ноты
d Параллельное заглавие 12 симфоний
e Сведения, относящиеся к заглавию Piano Duet
e Сведения, относящиеся к заглавию in two books
f Первые сведения об ответственности Wolfgang Amadeus Mozart
210 Выходные данные 1_
a Место издания New York
c Издательство G. Schirmer
215 Физическое описание __
d Формат 24 см
225 Серия 0_
a Серия Schirmer's library of musical classics
e Сведения, относящиеся к заглавию серии Vol. 71
686 Индексы других классификаций __
a Классификационный индекс 85
2 Код системы rubbk
700 Автор _1
a Фамилия Mozart
b Имя (инициалы) W. A.
g Полное личное имя Wolfgang Amadeus
801 Источник записи _0
a Страна RU
b Организация Ульяновская ОНБ
c Дата составления 20190206
g Правила каталогизации RCR
801 Источник записи _1
a Страна RU
b Организация Ульяновская ОНБ
c Дата составления 20190206
g Правила каталогизации RCR
901 Тип документа __
t Тип документа v
909 Создатель записи __
a Создатель записи Никитина Т. А.
938 Служебная информация __
a Имя БД noti
b Имя библиотеки УОНБ
c Имя АИБС МАРК-SQL
d Номер DOC_ID в БД 19986